Ciclo medio de matemática moderna; primer curso /
Guardado en:
| Autor Principal: | |
|---|---|
| Formato: | Libro |
| Publicado: |
Buenos Aires :
Eudeba,
1968
|
| Edición: | 2a. ed. |
| Materias: | |
| Etiquetas: |
Agregar Etiqueta
Sin Etiquetas, Sea el primero en etiquetar este registro!
|
| LEADER | 01086nam a22002295a 4500 | ||
|---|---|---|---|
| 001 | CEM.cems006311 | ||
| 005 | 20060214000000.0 | ||
| 008 | 130507s1968##################000#0#####d | ||
| 003 | CEMS | ||
| 082 | 0 | 4 | |a 510 |
| 100 | 1 | |a Trejo, César A. | |
| 245 | 1 | 0 | |a Ciclo medio de matemática moderna; primer curso / |
| 250 | |a 2a. ed. | ||
| 260 | |a Buenos Aires : |b Eudeba, |c 1968 | ||
| 300 | |a 374 p. | ||
| 505 | 0 | |a Funciónes. Limite y continuidad; La derivada; Aplicaciónes de la derivada; Teoremas del valor medio. Limites indeterminados; Diferencial e integral. Metodos generales de integración; Integral definida y aplicaciónes; Metodos particulares de integración. Integración numerica; Elementos de geometria analitica del espacio; Funciónes de dos variables. Derivadas y diferenciales. Maximos y minimos; Integrales parametricas e integrales multiples; Nociónes sobre ecuaciónes diferenciales | |
| 653 | |a Angulos | ||
| 653 | |a Areas | ||
| 653 | |a Homotecia | ||
| 653 | |a Matematica | ||
| 653 | |a Matematica 1er. año | ||
| 859 | |a CEMS |b BIB. CEMS - 11 de abril |h 510 |i T717a2/I |p 6303.78 |t Ej.1 | ||
